00968cam a2200253 a 450000100100000000500170001000800410002702000150006804000350008304100380011808200180015610000260017424501270020026000330032730000210036053400310038165000310041265000350044370000290047870000370050791000340054495201210057899900150069900000338320200929150427.0970430s1999 ck 000 1 spa  a0789904578 aDO-SdBNPcDLCdDLCdOCoLCdDLC17aspaheng2Código de idioma MARC a813.54bL183n1 aLaHaye, Tim F.91055510aNicolás :bel surgimiento del anticristo /cTim LaHaye, Jerry B. Jenkins ; traducido al español por Nellyda Pablovsky. aMiami, Fl. :bUnilit,c1999. a309 p. ;c23 cm. aTítulo original: Nicolae 4aNovela estadounidense9262 4aLiteratura estadounidense92631 aJenkins, Jerry B.9105561 aPablovsky, Nellyda ;etr.910557 aCatalogación por copia / LC 001052708MOaGRbGRcHDd2009-07-08iLF1l0o813.54 L183np3383-10r2020-06-25w2020-06-25y2ZPréstamo interno c3213d3213